| 000 | 00499nam a2200169 i 4500 | ||
|---|---|---|---|
| 001 | 46784 | ||
| 003 | ES-MaACL | ||
| 005 | 20230906161439.0 | ||
| 007 | t| | ||
| 008 | 030401s1903 it ||||1| ita d | ||
| 100 | 1 |
_aConn, H. W. _940198 |
|
| 245 | 1 | 3 |
_aIl meccanismo della vita... / _cH. W. Conn ; traduzione de Giuseppe Nobili. |
| 260 |
_aTorino : _bBocca, _c1903 ( _fVincenzo Bona) |
||
| 300 |
_aVIII, 217 p. : _bil. ; _c20 cm. |
||
| 700 | 1 |
_aNobili, Giuseppe. _985803 |
|
| 852 |
_aES-MaACL _jF-5975 |
||
| 999 |
_c46784 _d46784 |
||